[Event "Alicante Easter op 7th"]
[Site "La Nucia"]
[Date "2023.04.09"]
[Round "7"]
[White "Dvirnyy, Danyyil"]
[Black "Cifuentes Parada, Roberto"]
[Result "1/2-1/2"]
[WhiteElo "2541"]
[BlackElo "2396"]
[PlyCount "99"]
[EventDate "2023.04.05"]
[EventType "swiss"]
[EventRounds "9"]
[EventCountry "ESP"]
[SourceTitle "CBM 213 Extra"]
[Source "ChessBase"]
[SourceDate "2023.05.31"]
[SourceVersion "1"]
[SourceVersionDate "2023.05.31"]
[SourceQuality "1"]

1. Nf3 d5 2. g3 c6 3. c4 Nf6 4. Bg2 e6 5. b3 Bd6 6. Bb2 0-0 7. 0-0 Nbd7 8. d4 b6 9. Nc3 Bb7 10. Qc2 Rb8 11. Rad1 Re8 12. Rfe1 h6 13. e4 Nxe4 14. Nxe4 dxe4 15. Qxe4 Bb4 16. Re2 c5 17. Qf4 cxd4 18. Rxd4 Qe7 19. Nh4 Bxg2 20. Kxg2 Nf6 21. Kg1 Qb7 22. Qf3 Qxf3 23. Nxf3 Red8 24. a3 Bc5 25. Rdd2 Rxd2 26. Rxd2 a5 27. Ne5 Rc8 28. Kg2 Kf8 29. f4 Ke7 30. Kf3 h5 31. h3 Rc7 32. g4 hxg4+ 33. hxg4 Nd7 34. Nd3 Bd6 35. Nf2 Nc5 36. Bxg7 Nxb3 37. Bf8+ Kxf8 38. Rxd6 Rxc4 39. Rxb6 Rc3+ 40. Kg2 Nd2 41. f5 exf5 42. gxf5 Rxa3 43. Ng4 Ne4 44. f6 Ke8 45. Ne5 Nxf6 46. Rxf6 Ke7 47. Ra6 a4 48. Nc4 Ra1 49. Kf3 a3 50. Rxa3 1/2-1/2

[Event "Aragon-chT Honor Gr I"]
[Site "Aragon"]
[Date "2023.03.04"]
[Round "6.9"]
[White "Cifuentes Parada, Roberto"]
[Black "Salamero Pelay, Fernando"]
[Result "1-0"]
[WhiteElo "2410"]
[BlackElo "2062"]
[PlyCount "69"]
[EventDate "2023.01.28"]
[EventType "team-tourn"]
[EventRounds "7"]
[EventCountry "ESP"]
[SourceTitle "EXT 2024"]
[Source "ChessBase"]
[SourceDate "2023.10.10"]
[SourceVersion "1"]
[SourceVersionDate "2023.10.10"]
[SourceQuality "1"]
[WhiteTeam "Jaque Aramovil"]
[BlackTeam "Huesca Club Atletismo"]
[WhiteTeamCountry "ESP"]
[BlackTeamCountry "ESP"]

1. d4 g6 2. e4 Bg7 3. c3 d6 4. Bg5 Nd7 5. Nd2 a6 6. f4 b5 7. Ngf3 Nb6 8. Bd3 Nf6 9. 0-0 0-0 10. Qe1 h6 11. Bh4 Nh5 12. Qe3 f5 13. g3 c6 14. Rfe1 Ra7 15. Qe2 Nf6 16. Bc2 Kh8 17. a4 Nxa4 18. e5 Ng8 19. Bxa4 bxa4 20. exd6 Qxd6 21. Nc4 Qd5 22. Nfe5 Kh7 23. Nb6 Qb5 24. Nxa4 Qxe2 25. Rxe2 Rc7 26. Nc5 Nf6 27. Bxf6 Bxf6 28. Kf2 g5 29. Ned3 Rg8 30. b4 h5 31. fxg5 Bxg5 32. Nf4 h4 33. Kf3 Bh6 34. Rae1 Bf8 35. Nfe6 1-0

[Event "Alicante Easter op 6th"]
[Site "Alicante"]
[Date "2022.04.17"]
[Round "8"]
[White "Cuenca Jimenez, Jose Fernando"]
[Black "Cifuentes Parada, Roberto"]
[Result "1-0"]
[WhiteElo "2558"]
[BlackElo "2426"]
[PlyCount "91"]
[EventDate "2022.04.13"]
[EventType "swiss"]
[EventRounds "9"]
[EventCountry "ESP"]
[SourceTitle "CBM 207 Extra"]
[Source "ChessBase"]
[SourceDate "2022.05.31"]
[SourceVersion "1"]
[SourceVersionDate "2022.05.31"]
[SourceQuality "1"]

1. d4 d5 2. c4 dxc4 3. e4 c5 4. d5 e6 5. Bxc4 Nf6 6. Nc3 exd5 7. exd5 a6 8. Nf3 Bd6 9. Qe2+ Qe7 10. 0-0 Qxe2 11. Bxe2 Bg4 12. h3 Bxf3 13. Bxf3 0-0 14. a4 Nbd7 15. a5 Rfe8 16. Rd1 Rac8 17. Kf1 h6 18. Ra4 Kf8 19. g3 Rc7 20. Be2 Rec8 21. g4 c4 22. h4 Re8 23. Be3 Ne4 24. Kg2 Ndf6 25. Nxe4 Rxe4 26. Bf3 Rxe3 27. fxe3 Nd7 28. Rc1 Ne5 29. Be2 Rc5 30. e4 g5 31. h5 Ke7 32. Rc2 Kd7 33. Kh3 Rb5 34. Bxc4 Nxc4 35. Raxc4 Rxa5 36. Kg2 Rb5 37. b4 a5 38. bxa5 Rxa5 39. Rb2 b5 40. Rc6 b4 41. e5 Bxe5 42. Rxb4 Rxd5 43. Rxh6 Rd3 44. Ra6 Bd6 45. Rb7+ Ke6 46. Rbb6 1-0

[Event "Aragon-chT Honor Pl 7-10"]
[Site "Aragon"]
[Date "2022.03.26"]
[Round "9.13"]
[White "Cifuentes Parada, Roberto"]
[Black "Del Rey, Diego"]
[Result "1/2-1/2"]
[WhiteElo "2427"]
[BlackElo "2370"]
[PlyCount "111"]
[EventDate "2022.03.19"]
[EventType "team-tourn"]
[EventRounds "9"]
[EventCountry "ESP"]
[SourceTitle "EXT 2024"]
[Source "ChessBase"]
[SourceDate "2023.10.10"]
[SourceVersion "1"]
[SourceVersionDate "2023.10.10"]
[SourceQuality "1"]
[WhiteTeam "Jaque Pirenauto"]
[BlackTeam "El Olivar"]
[WhiteTeamCountry "ESP"]
[BlackTeamCountry "ESP"]

1. d4 e6 2. Nf3 f5 3. g3 Nf6 4. Bg2 d5 5. 0-0 Bd6 6. c4 c6 7. b3 Qe7 8. Ne5 0-0 9. Qc2 Nbd7 10. Bb2 Ne4 11. e3 a5 12. f3 Nef6 13. Nd2 Ba3 14. Nd3 Bxb2 15. Qxb2 b5 16. cxb5 cxb5 17. Rfc1 Ba6 18. Rc6 b4 19. Nf4 Rfe8 20. Rxe6 Qf7 21. Rxe8+ Qxe8 22. Re1 g5 23. Nh3 Qg6 24. Nf2 Re8 25. Qb1 Kg7 26. Bh3 f4 27. Bf5 Qf7 28. e4 fxg3 29. hxg3 Nb6 30. e5 Nh5 31. Kg2 Bc8 32. Bxc8 Rxc8 33. Ng4 Qg6 34. Ne3 Qxb1 35. Rxb1 Kg6 36. Rb2 Rc3 37. Ndf1 Ng7 38. Rc2 Rxc2+ 39. Nxc2 Ne6 40. Kf2 h5 41. Nfe3 h4 42. Ng4 Nc8 43. Nf6 Ne7 44. Ne3 hxg3+ 45. Kxg3 Nxd4 46. Kg4 Nec6 47. Nd7 Ne7 48. f4 gxf4 49. Ng2 f3 50. Nf4+ Kf7 51. Nd3 f2 52. Nxf2 Ke6 53. Nc5+ Kxe5 54. Nfd3+ Kf6 55. Kf4 Ng6+ 56. Ke3 1/2-1/2

[Event "Aragon-chT Honor Gr II"]
[Site "Aragon"]
[Date "2022.03.05"]
[Round "6.20"]
[White "Cifuentes Parada, Roberto"]
[Black "Salamero Pelay, Fernando"]
[Result "1-0"]
[WhiteElo "2427"]
[BlackElo "2076"]
[PlyCount "23"]
[EventDate "2022.01.29"]
[EventType "team-tourn"]
[EventRounds "7"]
[EventCountry "ESP"]
[SourceTitle "EXT 2024"]
[Source "ChessBase"]
[SourceDate "2023.10.10"]
[SourceVersion "1"]
[SourceVersionDate "2023.10.10"]
[SourceQuality "1"]
[WhiteTeam "Jaque Pirenauto"]
[BlackTeam "Huesca Club Atletismo"]
[WhiteTeamCountry "ESP"]
[BlackTeamCountry "ESP"]

1. d4 f5 2. g3 Nf6 3. Bg2 g6 4. Nh3 Nc6 5. d5 Ne5 6. Nf4 c6 7. Nc3 cxd5 8. Nfxd5 e6 9. Qd4 Nxd5 10. Qxe5 Qf6 11. Bf4 Bb4 12. Bxd5 1-0

[Event "Aragon-chT Honor Gr II"]
[Site "Aragon"]
[Date "2022.02.12"]
[Round "3.17"]
[White "Moreno Gracia, Daniel"]
[Black "Cifuentes Parada, Roberto"]
[Result "0-1"]
[WhiteElo "2306"]
[BlackElo "2427"]
[PlyCount "96"]
[EventDate "2022.01.29"]
[EventType "team-tourn"]
[EventRounds "7"]
[EventCountry "ESP"]
[SourceTitle "EXT 2024"]
[Source "ChessBase"]
[SourceDate "2023.10.10"]
[SourceVersion "1"]
[SourceVersionDate "2023.10.10"]
[SourceQuality "1"]
[WhiteTeam "IberCaja"]
[BlackTeam "Jaque Pirenauto"]
[WhiteTeamCountry "ESP"]
[BlackTeamCountry "ESP"]

1. c4 c6 2. e4 d5 3. exd5 Nf6 4. Nc3 cxd5 5. d4 e6 6. cxd5 Nxd5 7. Nf3 Bb4 8. Bd2 0-0 9. Bd3 b6 10. Nxd5 Bxd2+ 11. Nxd2 exd5 12. 0-0 Ba6 13. Bxa6 Nxa6 14. Qa4 Nc7 15. Rac1 Ne6 16. Nf3 Nf4 17. Qa6 Re8 18. Rfe1 Rxe1+ 19. Rxe1 Qc8 20. Qxc8+ Rxc8 21. g3 Ne6 22. Re5 Rc1+ 23. Kg2 Nc7 24. Re2 Kf8 25. Ne5 Ne6 26. b3 g6 27. Rd2 Ke7 28. Nd3 Ra1 29. Nb4 Kd6 30. Rc2 Rd1 31. Rc6+ Kd7 32. Rc3 Rxd4 33. Nc6 Rd2 34. Ne5+ Ke8 35. Rc8+ Ke7 36. a4 Nc5 37. Ra8 Ne4 38. Rxa7+ Ke6 39. Nd7 Rxf2+ 40. Kg1 Rb2 41. Nxb6 Rxb3 42. Nc8 d4 43. Re7+ Kd5 44. a5 d3 45. Rd7+ Kc6 46. Rd4 d2 47. Ne7+ Kc5 48. Rd5+ Kc4 0-1

[Event "Aragon-chT Honor Gr I"]
[Site "Aragon"]
[Date "2021.05.08"]
[Round "7.1"]
[White "Forcen Esteban, Daniel"]
[Black "Cifuentes Parada, Roberto"]
[Result "1/2-1/2"]
[WhiteElo "2558"]
[BlackElo "2429"]
[PlyCount "84"]
[EventDate "2021.03.13"]
[EventType "team-tourn"]
[EventRounds "7"]
[EventCountry "ESP"]
[SourceTitle "EXT 2024"]
[Source "ChessBase"]
[SourceDate "2023.10.10"]
[SourceVersion "1"]
[SourceVersionDate "2023.10.10"]
[SourceQuality "1"]
[WhiteTeam "Jaime Casas"]
[BlackTeam "Jaque Pirenauto"]
[WhiteTeamCountry "ESP"]
[BlackTeamCountry "ESP"]

1. e4 c5 2. Nf3 e6 3. c3 d5 4. exd5 Qxd5 5. d4 Nf6 6. Be3 cxd4 7. cxd4 Bb4+ 8. Nc3 0-0 9. Bd3 b6 10. 0-0 Bxc3 11. bxc3 Ba6 12. Bxa6 Nxa6 13. Ne5 Rac8 14. c4 Qb7 15. Re1 Nb8 16. Rc1 Nbd7 17. Nxd7 Nxd7 18. h3 e5 19. dxe5 Nxe5 20. Bxb6 Nf3+ 21. gxf3 axb6 22. Re4 Rfd8 23. Qe2 Qd7 24. Kg2 h5 25. Re5 g6 26. Re1 Qd4 27. Re4 Qf6 28. Qe3 Rc5 29. h4 Rdc8 30. Qh6 Qd8 31. Qf4 Rf5 32. Qe3 Kh7 33. Rd4 Qf6 34. Qd3 Ra8 35. Re2 Rfa5 36. Kg3 Ra3 37. Qe4 Rxa2 38. Rxa2 Rxa2 39. Rd7 Kg7 40. Qd5 Ra5 41. Qd4 Qxd4 42. Rxd4 Rc5 1/2-1/2

[Event "Aragon-chT Honor Gr I"]
[Site "Aragon"]
[Date "2021.04.17"]
[Round "5.1"]
[White "Cifuentes Parada, Roberto"]
[Black "Lopez Gracia, Fernando"]
[Result "1/2-1/2"]
[WhiteElo "2429"]
[BlackElo "2299"]
[PlyCount "88"]
[EventDate "2021.03.13"]
[EventType "team-tourn"]
[EventRounds "7"]
[EventCountry "ESP"]
[SourceTitle "EXT 2024"]
[Source "ChessBase"]
[SourceDate "2023.10.10"]
[SourceVersion "1"]
[SourceVersionDate "2023.10.10"]
[SourceQuality "1"]
[WhiteTeam "Jaque Pirenauto"]
[BlackTeam "IberCaja"]
[WhiteTeamCountry "ESP"]
[BlackTeamCountry "ESP"]

1. d4 Nf6 2. Nf3 g6 3. c4 Bg7 4. Nc3 0-0 5. Bg5 c5 6. Qd2 cxd4 7. Nxd4 Nc6 8. e3 Nxd4 9. exd4 d5 10. Bxf6 Bxf6 11. Nxd5 Bg7 12. Rd1 Qd6 13. Be2 Rd8 14. 0-0 e6 15. Nc3 Bxd4 16. Qg5 Bd7 17. Rd3 Bc6 18. Rfd1 e5 19. Bf3 Qc5 20. Bd5 Bxc3 21. bxc3 Re8 22. h4 Bxd5 23. Rxd5 Qxc4 24. Rd7 Qf4 25. Qxf4 exf4 26. Rxb7 Rad8 27. Rxd8 Rxd8 28. Rxa7 Rd1+ 29. Kh2 Rd2 30. f3 Rc2 31. a4 Rxc3 32. Re7 Ra3 33. Re4 h5 34. Rxf4 Ra2 35. Kh3 Kg7 36. g4 hxg4+ 37. fxg4 Ra3+ 38. Kg2 g5 39. hxg5 Kg6 40. Kf2 Kxg5 41. Rb4 f5 42. gxf5 Kxf5 43. Ke2 Ke5 44. Kd2 Kd5 1/2-1/2

[Event "Aragon-chT Honor Gr-I"]
[Site "Aragon"]
[Date "2020.02.22"]
[Round "5.25"]
[White "Cifuentes Parada, Roberto"]
[Black "Montes Santos, Lorenzo"]
[Result "1-0"]
[WhiteElo "2428"]
[BlackElo "2064"]
[PlyCount "31"]
[EventDate "2020.01.25"]
[EventType "team-tourn"]
[EventRounds "7"]
[EventCountry "ESP"]
[SourceTitle "EXT 2022"]
[Source "ChessBase"]
[SourceDate "2021.10.06"]
[SourceVersion "1"]
[SourceVersionDate "2021.10.06"]
[SourceQuality "1"]
[WhiteTeam "Jaque"]
[BlackTeam "Agrupacion II"]
[WhiteTeamCountry "ESP"]
[BlackTeamCountry "ESP"]

1. Nf3 Nf6 2. c4 g6 3. Nc3 Bg7 4. e4 0-0 5. d4 c5 6. Be2 d6 7. 0-0 Na6 8. d5 Bg4 9. Bg5 Nc7 10. Qd2 e5 11. Rab1 b6 12. Nxe5 Bxe2 13. Nc6 Bxf1 14. Nxd8 Rfxd8 15. Rxf1 Re8 16. Qf4 1-0

[Event "Aragon-chT Honor Gr-I"]
[Site "Aragon"]
[Date "2020.02.15"]
[Round "4.16"]
[White "Garza Marco, Sergio"]
[Black "Cifuentes Parada, Roberto"]
[Result "1/2-1/2"]
[WhiteElo "2402"]
[BlackElo "2428"]
[PlyCount "88"]
[EventDate "2020.01.25"]
[EventType "team-tourn"]
[EventRounds "7"]
[EventCountry "ESP"]
[SourceTitle "EXT 2022"]
[Source "ChessBase"]
[SourceDate "2021.10.06"]
[SourceVersion "1"]
[SourceVersionDate "2021.10.06"]
[SourceQuality "1"]
[WhiteTeam "Helios"]
[BlackTeam "Jaque"]
[WhiteTeamCountry "ESP"]
[BlackTeamCountry "ESP"]

1. d4 d5 2. c4 c6 3. Nf3 Nf6 4. e3 e6 5. Bd3 Nbd7 6. b3 Bb4+ 7. Bd2 Qe7 8. 0-0 0-0 9. Bxb4 Qxb4 10. Qc2 Qd6 11. Nc3 a6 12. e4 dxc4 13. Bxc4 e5 14. Rad1 exd4 15. Nxd4 Ng4 16. Nf3 Qe7 17. Be2 Re8 18. Nd4 Nf8 19. Na4 Ng6 20. Bxg4 Bxg4 21. f3 Be6 22. Qc5 Qf6 23. Nxe6 Rxe6 24. Rd7 b5 25. Nc3 Ne5 26. Rd2 Rd8 27. Rxd8+ Qxd8 28. Rd1 Qg5 29. Qf2 Qe7 30. Qd4 g5 31. Qd8+ Kg7 32. Ne2 Qxd8 33. Rxd8 c5 34. Rd5 Kf6 35. Rxc5 Rd6 36. Rc2 Rd1+ 37. Kf2 Nd3+ 38. Ke3 Nb4 39. Rb2 Rd3+ 40. Kf2 Rd8 41. Ke3 Rd3+ 42. Kf2 Rd8 43. Ke3 Rd3+ 44. Kf2 Rd1 1/2-1/2

[Event "Aragon-chT Honor Gr-I"]
[Site "Aragon"]
[Date "2020.02.08"]
[Round "3.17"]
[White "Del Rey, Diego"]
[Black "Cifuentes Parada, Roberto"]
[Result "1/2-1/2"]
[WhiteElo "2381"]
[BlackElo "2428"]
[PlyCount "103"]
[EventDate "2020.01.25"]
[EventType "team-tourn"]
[EventRounds "7"]
[EventCountry "ESP"]
[SourceTitle "EXT 2022"]
[Source "ChessBase"]
[SourceDate "2021.10.06"]
[SourceVersion "1"]
[SourceVersionDate "2021.10.06"]
[SourceQuality "1"]
[WhiteTeam "El Olivar"]
[BlackTeam "Jaque"]
[WhiteTeamCountry "ESP"]
[BlackTeamCountry "ESP"]

1. e4 c5 2. c3 g6 3. d4 cxd4 4. cxd4 d5 5. e5 Bg7 6. Nf3 Nh6 7. Bb5+ Nc6 8. 0-0 0-0 9. Nbd2 Qb6 10. Bxc6 Qxc6 11. b3 Bf5 12. Ba3 Qd7 13. Qe2 Rfc8 14. Rac1 f6 15. h3 Nf7 16. exf6 exf6 17. Rxc8+ Rxc8 18. Re1 Nd6 19. Qe7 Nb5 20. Qxd7 Bxd7 21. Bb4 Re8 22. Rxe8+ Bxe8 23. a4 Nc7 24. Bd6 Na6 25. Ne1 Kf7 26. Nd3 Ke6 27. Ba3 Bh6 28. Nb1 b6 29. Kf1 Nb8 30. Nc3 Nc6 31. Nb5 Bf7 32. Nb4 Nxb4 33. Bxb4 a5 34. Bd6 Kd7 35. f4 Be6 36. g4 Kc6 37. Kf2 Bc8 38. Na7+ Kxd6 39. Nxc8+ Kd7 40. Nxb6+ Kc6 41. Nc8 Bxf4 42. Ke2 Kd7 43. Nb6+ Ke6 44. Nc8 Bd6 45. Na7 Kd7 46. Nb5 Bb8 47. Kf3 f5 48. gxf5 gxf5 49. Ke3 Bd6 50. Kf3 Bb8 51. Ke3 Bd6 52. Kf3 1/2-1/2

[Event "San Sebastian Gros op 29th"]
[Site "San Sebastian"]
[Date "2019.06.26"]
[Round "7"]
[White "Martinez Duany, Lelys Stanley"]
[Black "Cifuentes Parada, Roberto"]
[Result "1-0"]
[WhiteElo "2535"]
[BlackElo "2433"]
[PlyCount "173"]
[EventDate "2019.06.21"]
[EventType "swiss"]
[EventRounds "9"]
[EventCountry "ESP"]
[SourceTitle "EXT 2020"]
[Source "ChessBase"]
[SourceDate "2019.10.17"]
[SourceVersion "1"]
[SourceVersionDate "2019.10.17"]
[SourceQuality "1"]

1. e4 d6 2. d4 Nf6 3. Nc3 Nbd7 4. Nf3 e5 5. Bc4 Be7 6. 0-0 0-0 7. Re1 c6 8. a4 b6 9. d5 cxd5 10. Nxd5 Bb7 11. b3 Nc5 12. Nxf6+ Bxf6 13. Bd5 Qd7 14. Ba3 Rac8 15. Re2 Rfd8 16. Bxc5 dxc5 17. Rd2 Bxd5 18. Rxd5 Qc7 19. Rxd8+ Rxd8 20. Qe2 c4 21. Rd1 Rc8 22. g3 cxb3 23. cxb3 g6 24. Kg2 Kg7 25. Qa6 Rd8 26. Rxd8 Bxd8 27. Qb5 f6 28. h4 h5 29. Nd2 Be7 30. Nc4 Bc5 31. b4 Bd4 32. Qd5 Qf7 33. Qc6 Qe7 34. Nd6 a5 35. bxa5 bxa5 36. Ne8+ Kf7 37. Nc7 Kg7 38. Ne6+ Kh7 39. f4 Bb2 40. f5 Ba3 41. Qa8 gxf5 42. exf5 Bb4 43. Kh3 Qd7 44. Qb8 Be7 45. Qc7 Qxc7 46. Nxc7 Kg7 47. Nd5 Bb4 48. Kg2 e4 49. Nf4 Kh6 50. Kf2 Bc5+ 51. Ke2 Bd4 52. Kf1 Be3 53. Nh3 Bd4 54. Nf2 e3 55. Nd3 Bc3 56. Ke2 Bd4 57. Nf4 Bc5 58. Kf3 Bd4 59. Nd5 Kg7 60. Nxe3 Bc3 61. Nd5 Be1 62. Nf4 Kh6 63. Nd3 Bd2 64. Ke4 Kg7 65. Kd5 Be3 66. Ke6 Bd4 67. Ke7 Bc3 68. Kd7 Kh6 69. Kd6 Kg7 70. Kd5 Kh6 71. Kc4 Bd2 72. Kd4 Kg7 73. Nf4 Kh6 74. Ne2 Be1 75. Kd5 Kg7 76. Ke6 Bf2 77. Nf4 Kh6 78. Kxf6 Bxg3 79. Ng6 Be1 80. Kf7 Bf2 81. Kg8 Bd4 82. Nf4 Bf6 83. Ng2 Bd8 84. Kf7 Bc7 85. f6 Be5 86. Ne3 Kh7 87. Nf5 1-0

[Event "Aragon-chT Honor Titulo"]
[Site "Aragon"]
[Date "2019.03.23"]
[Round "9.5"]
[White "Cifuentes Parada, Roberto"]
[Black "Adla, Diego Gustavo"]
[Result "1-0"]
[WhiteElo "2445"]
[BlackElo "2441"]
[PlyCount "117"]
[EventDate "2019.03.16"]
[EventType "team-tourn"]
[EventRounds "10"]
[EventCountry "ESP"]
[SourceTitle "EXT 2020"]
[Source "ChessBase"]
[SourceDate "2019.10.17"]
[SourceVersion "1"]
[SourceVersionDate "2019.10.17"]
[SourceQuality "1"]
[WhiteTeam "Jaque"]
[BlackTeam "St Casablanca"]
[WhiteTeamCountry "ESP"]
[BlackTeamCountry "ESP"]

1. d4 Nf6 2. Nf3 e6 3. g3 c5 4. Bg2 cxd4 5. 0-0 d5 6. Nxd4 e5 7. Nf3 Nc6 8. c4 d4 9. e3 Be7 10. exd4 exd4 11. Bf4 Be6 12. Ne5 Rc8 13. Qa4 Qb6 14. Nd2 0-0 15. Ndf3 Nxe5 16. Nxe5 Rfd8 17. Qb3 Nh5 18. Bxb7 Rc7 19. Bf3 Nxf4 20. gxf4 d3 21. Rfd1 d2 22. Qxb6 axb6 23. b3 Bb4 24. a3 Bc3 25. Ra2 Bxe5 26. fxe5 Rcd7 27. Be2 g5 28. f3 f5 29. exf6 Kf7 30. Kf2 Bf5 31. a4 Kxf6 32. b4 h5 33. a5 bxa5 34. bxa5 g4 35. a6 Kg5 36. a7 Ra8 37. fxg4 Bxg4 38. Bxg4 Kxg4 39. Rdxd2 Raxa7 40. Ke3 Re7+ 41. Kd4 Rad7+ 42. Kc3 Re3+ 43. Kb4 Rb7+ 44. Kc5 Rb8 45. Ra6 Kh3 46. Kd4 Rf3 47. Rd6 Rc8 48. Rc2 Rf4+ 49. Kd5 Rg4 50. c5 Rg5+ 51. Kd4 Rg4+ 52. Ke3 Re8+ 53. Kd3 h4 54. Rd4 Rg1 55. Kc4 Rh8 56. Rd3+ Kg4 57. c6 Kf5 58. Kc5 Re1 59. c7 1-0

[Event "Aragon-chT Honor Gr-A"]
[Site "Aragon"]
[Date "2019.03.09"]
[Round "7.17"]
[White "Salamero Pelay, Fernando"]
[Black "Cifuentes Parada, Roberto"]
[Result "0-1"]
[WhiteElo "2099"]
[BlackElo "2445"]
[PlyCount "60"]
[EventDate "2019.01.26"]
[EventType "team-tourn"]
[EventRounds "7"]
[EventCountry "ESP"]
[SourceTitle "EXT 2020"]
[Source "ChessBase"]
[SourceDate "2019.10.17"]
[SourceVersion "1"]
[SourceVersionDate "2019.10.17"]
[SourceQuality "1"]
[WhiteTeam "Huesca Club Atletismo"]
[BlackTeam "Jaque"]
[WhiteTeamCountry "ESP"]
[BlackTeamCountry "ESP"]

1. e4 c5 2. Nf3 Nc6 3. c3 Nf6 4. e5 Nd5 5. d4 cxd4 6. Bc4 e6 7. cxd4 d6 8. 0-0 Be7 9. a3 0-0 10. Qe2 Qc7 11. Bd3 dxe5 12. dxe5 Rd8 13. Ng5 g6 14. Re1 Bd7 15. Nxh7 Nxe5 16. Ng5 Nxd3 17. Qxd3 Nf4 18. Bxf4 Qxf4 19. Nh3 Qg4 20. Qd1 Qxd1 21. Rxd1 Ba4 22. Rxd8+ Rxd8 23. Nc3 Bb3 24. Nf4 Rd2 25. Rb1 g5 26. Nfe2 Bc2 27. Rc1 Bd3 28. Ng3 Rxb2 29. Rd1 Bg6 30. a4 Rc2 0-1

[Event "Aragon-chT Honor Gr-A"]
[Site "Aragon"]
[Date "2019.03.02"]
[Round "6.9"]
[White "Cifuentes Parada, Roberto"]
[Black "Barrantes Munoz, Hugo Pedro"]
[Result "0-1"]
[WhiteElo "2445"]
[BlackElo "2200"]
[PlyCount "64"]
[EventDate "2019.01.26"]
[EventType "team-tourn"]
[EventRounds "7"]
[EventCountry "ESP"]
[SourceTitle "EXT 2020"]
[Source "ChessBase"]
[SourceDate "2019.10.17"]
[SourceVersion "1"]
[SourceVersionDate "2019.10.17"]
[SourceQuality "1"]
[WhiteTeam "Jaque"]
[BlackTeam "Agrupacion"]
[WhiteTeamCountry "ESP"]
[BlackTeamCountry "ESP"]

1. d4 Nf6 2. Nf3 e6 3. Bg5 h6 4. Bh4 d5 5. Nbd2 Be7 6. e3 c5 7. c3 Nbd7 8. Bd3 b6 9. 0-0 Bb7 10. Ne5 Nxe5 11. dxe5 Nd7 12. Bxe7 Qxe7 13. f4 0-0-0 14. Qe2 f6 15. exf6 gxf6 16. e4 Nb8 17. Rae1 d4 18. c4 h5 19. Rf3 Rdg8 20. Qf2 Nc6 21. a3 Nd8 22. Rg3 Rxg3 23. Qxg3 h4 24. Qg4 Bc6 25. Nf3 Qh7 26. Kf2 Bd7 27. g3 e5 28. f5 hxg3+ 29. Qxg3 Be8 30. b4 Bh5 31. bxc5 Bxf3 32. Kxf3 Rg8 0-1

[Event "Aragon-chT Honor Gr-A"]
[Site "Aragon"]
[Date "2019.02.16"]
[Round "4.1"]
[White "Forcen Esteban, Daniel"]
[Black "Cifuentes Parada, Roberto"]
[Result "1-0"]
[WhiteElo "2567"]
[BlackElo "2445"]
[PlyCount "67"]
[EventDate "2019.01.26"]
[EventType "team-tourn"]
[EventRounds "7"]
[EventCountry "ESP"]
[SourceTitle "EXT 2020"]
[Source "ChessBase"]
[SourceDate "2019.10.17"]
[SourceVersion "1"]
[SourceVersionDate "2019.10.17"]
[SourceQuality "1"]
[WhiteTeam "Jaime Casas"]
[BlackTeam "Jaque"]
[WhiteTeamCountry "ESP"]
[BlackTeamCountry "ESP"]

1. c4 c6 2. d4 d5 3. Nf3 Nf6 4. e3 g6 5. Be2 Bg7 6. 0-0 0-0 7. Nc3 e6 8. b3 Nbd7 9. Qc2 b6 10. Ba3 Re8 11. Ne5 Bb7 12. Rad1 Rc8 13. f4 a6 14. Bf3 Bf8 15. Bb2 c5 16. dxc5 Bxc5 17. Qf2 Qe7 18. cxd5 Nxe5 19. fxe5 Nxd5 20. Bxd5 Bxd5 21. Rxd5 exd5 22. Nxd5 Qe6 23. Nf6+ Kg7 24. Nxe8+ Rxe8 25. Qxf7+ Qxf7 26. e6+ Qf6 27. Bxf6+ Kg8 28. Bd4 Bxd4 29. exd4 Rxe6 30. Kf2 Rc6 31. Ke3 Kg7 32. Rf2 g5 33. d5 Rh6 34. g3 1-0

[Event "Aragon-chT Honor Gr-A"]
[Site "Aragon"]
[Date "2019.02.02"]
[Round "2.17"]
[White "Escuer Sanchez, Nestor"]
[Black "Cifuentes Parada, Roberto"]
[Result "1/2-1/2"]
[WhiteElo "2070"]
[BlackElo "2445"]
[PlyCount "51"]
[EventDate "2019.01.26"]
[EventType "team-tourn"]
[EventRounds "7"]
[EventCountry "ESP"]
[SourceTitle "EXT 2020"]
[Source "ChessBase"]
[SourceDate "2019.10.17"]
[SourceVersion "1"]
[SourceVersionDate "2019.10.17"]
[SourceQuality "1"]
[WhiteTeam "Enroque"]
[BlackTeam "Jaque"]
[WhiteTeamCountry "ESP"]
[BlackTeamCountry "ESP"]

1. d4 d6 2. c4 e5 3. Nf3 e4 4. Ng5 f5 5. Nc3 c6 6. g3 Be7 7. Nh3 Nd7 8. Bg2 Nb6 9. b3 d5 10. c5 Nd7 11. b4 Nf8 12. 0-0 Ne6 13. Nf4 Bf6 14. Nxe6 Bxe6 15. Bf4 g5 16. Bd6 Nh6 17. f4 g4 18. e3 Nf7 19. Be5 Nxe5 20. dxe5 Be7 21. Ne2 h5 22. Nd4 Kf7 23. Qc2 h4 24. Rfb1 hxg3 25. hxg3 a6 26. a4 1/2-1/2

[Event "San Sebastian Gros op 28th"]
[Site "San Sebastian"]
[Date "2018.06.24"]
[Round "3"]
[White "Cifuentes Parada, Roberto"]
[Black "Roeder, Mathias"]
[Result "0-1"]
[WhiteElo "2465"]
[BlackElo "2376"]
[PlyCount "166"]
[EventDate "2018.06.22"]
[EventType "swiss"]
[EventRounds "9"]
[EventCountry "ESP"]
[SourceTitle "CBM 185 Extra"]
[Source "ChessBase"]
[SourceDate "2018.07.29"]
[SourceVersion "1"]
[SourceVersionDate "2018.07.29"]
[SourceQuality "1"]

1. d4 d5 2. Nf3 Nf6 3. e3 c5 4. c3 e6 5. Nbd2 Nc6 6. Bd3 Qc7 7. 0-0 Be7 8. dxc5 Bxc5 9. b4 Be7 10. Bb2 0-0 11. a3 a5 12. b5 Ne5 13. Nxe5 Qxe5 14. Qe2 b6 15. f4 Qc7 16. c4 Bb7 17. Rac1 Qd8 18. cxd5 exd5 19. Nf3 Bc5 20. Ne5 Qe7 21. a4 Rac8 22. Kh1 Rfd8 23. Rc2 Ne4 24. Bd4 f6 25. Nf3 Rc7 26. Rfc1 Rdc8 27. Kg1 g6 28. g3 Kf7 29. Kg2 Bxd4 30. exd4 Nc3 31. Qe1 Ne4 32. Qe3 Nc3 33. Qd2 Ne4 34. Rxc7 Rxc7 35. Rxc7 Qxc7 36. Qc2 Qxc2+ 37. Bxc2 h6 38. Kf1 g5 39. Ke2 Ke6 40. Ke3 Nd6 41. fxg5 fxg5 42. h4 Kf6 43. hxg5+ hxg5 44. Ne5 Nc4+ 45. Nxc4 dxc4 46. Kd2 Bf3 47. Kc3 Be2 48. Kd2 Bf3 49. Bh7 Ke6 50. Bg8+ Kf5 51. Bxc4 Ke4 52. d5 Ke5 53. d6 Kxd6 54. Bb3 Bd5 55. Bc2 Ke5 56. Kc3 Bf3 57. Kc4 Be4 58. Bd1 Bd5+ 59. Kd3 Be6 60. Ke3 Bf5 61. Bb3 Bh3 62. Kd3 Bg2 63. Ke3 Be4 64. Bd1 Bh7 65. Kf3 Bf5 66. Ke3 Bg6 67. Bb3 Bf5 68. Kd2 Kd4 69. Ba2 Bd3 70. Bb3 Bc4 71. Bd1 Bd5 72. Kc2 Kc4 73. Kb2 Kd3 74. Bc2+ Kd2 75. Bf5 Bc4 76. Bc2 Be2 77. Bb3 g4 78. Bc2 Bf3 79. Bb3 Ke3 80. Kc3 Kf2 81. Kd4 Kxg3 82. Be6 Kf4 83. Bxg4 Kxg4 0-1